| 000 | 00000nas 2200000zi 4500 |
| 001 | 9.887741 |
| 003 | CaOODSP |
| 005 | 20250721152038 |
| 006 | m o d f |
| 007 | cr ||||||||||| |
| 008 | 200526c20199999oncar p o f0###a0eng|d |
| 040 | |aCaOODSP|beng|erda|cCaOODSP |
| 043 | |an-cn--- |
| 086 | 1 |aFC2-7E-PDF |
| 110 | 2 |aFinancial Consumer Agency of Canada.|eauthor|eissuing body |
| 245 | 10|a... employment equity annual report / |cFinancial Consumer Agency of Canada. |
| 264 | 1|a[Ottawa] : |bFinancial Consumer Agency of Canada, |c2020- |
| 310 | |aAnnual |
| 336 | |atext|2rdacontent |
| 337 | |acomputer|2rdamedia |
| 338 | |aonline resource|2rdacarrier |
| 362 | 1 |aBegan with: 2018/2019. |
| 500 | |aIssued also in French under title: … rapport annuel sur l'équité en matière d’emploi. |
| 588 | |aDescription based on: 2018/2019. |
| 588 | |aLatest issue consulted: 2018/2019. |
| 610 | 20|aFinancial Consumer Agency of Canada|xOfficials and employees|vPeriodicals. |
| 650 | 0|aIndigenous peoples|xEmployment|zCanada. |
| 650 | 0|aMinorities|xEmployment|zCanada|vPeriodicals. |
| 650 | 0|aPeople with disabilities|xEmployment|zCanada|vPeriodicals. |
| 650 | 0|aWomen|xEmployment|zCanada|vPeriodicals. |
| 655 | 7|aPeriodicals|2lcgft |
| 775 | 08|t… rapport annuel sur l'équité en matière d’emploi / |w(CaOODSP)9.887746 |